000 00592nam a2200157Ia 4500
008 100122s9999 xx 000 0 und d
082 _b70778
_a510
100 _aबापट ब गं
245 _aवैदिक गणित भाग - 1 ( गुणाकार )
260 _bदिलीप कुलकर्णी
_c1985
300 _a68
630 _aवैदिक गणित भाग - 1 ( गुणाकार )
700 _aकुलकर्णी दिलीप
730 _aवैदिक गणित भाग - 1 ( गुणाकार )
942 _cBOOK
999 _c441557
_d441554